000 00567nam a22001697a 4500
003 NUST
038 _aNusrat Nadeem
082 _a200
100 _aZahid Danyal
_921709
245 _aDesign and Fabrication of Ultrasonic Transducer for Ultrasonic Assisted Machining/
_cDanyal Zahid
264 _aIslamabad,
_bSMME NUST;
_c2017
300 _a70,p;
_bill;
_c30,cm;
650 _aPhD-Design and Manufacturing Engineering
_9123165
700 _aSupervisor ,Dr Mushtaq Khan
_9119879
856 _u http://10.250.8.41:8080/xmlui/handle/123456789/10743
942 _2ddc
_cTHE
999 _c609494
_d609494